[Event "Nordsjaellands Weekend EMT 2025"]
[Site "Allerod"]
[Date "2025.01.04"]
[Round "3"]
[White "Eriksson, Christian Altenburg"]
[Black "Jakobsen, Peter"]
[Result "1/2-1/2"]
[WhiteElo "2152"]
[BlackElo "2205"]
[EventDate "2025.01.03"]
[EventType "swiss"]
[EventRounds "5"]
[EventCountry "DEN"]
[SourceTitle "Live v. Allerod Skakklub"]

1. e4 c5 2. c3 d5 3. exd5 Qxd5 4. d4 Nc6 5. Nf3 Bg4 6. dxc5 Qxd1+ 7. Kxd1 e6 8. Be3 Nf6 9. Bb5 Nd5 10. h3 Bxf3+ 11. gxf3 Nxe3+ 12. fxe3 Bxc5 13. Ke2 Rc8 14. Nd2 a6 15. Ba4 Ke7 16. Ne4 Ba7 17. h4 h5 18. Rhd1 b5 19. Bb3 Rhd8 20. f4 g6 21. Ng5 Rxd1 22. Rxd1 Rd8 23. Rf1 Na5 24. e4 Nc4 25. Bxc4 bxc4 26. f5 gxf5 27. exf5 exf5 28. Rxf5 f6 29. Ne4 Rb8 30. b4 cxb3 31. axb3 Rxb3 32. Rxh5 Bb6 33. Kd3 Rb5 34. Rh7+ Ke6 35. c4 Rb3+ 36. Kc2 Rf3 37. c5 Ba5 38. Ra7 Kd5 39. Rxa6 Kxe4 40. Rxa5 Kd5 41. h5 Rh3 42. Kd2 Kc6 43. Ra6+ Kxc5 44. Rxf6 Rxh5 45. Rg6 1/2-1/2

[Event "Nordsjaellands Weekend EMT 2025"]
[Site "Allerod"]
[Date "2025.01.04"]
[Round "3"]
[White "Bank, Pelle Rodkjaer"]
[Black "Vinther Schou, Uffe"]
[Result "1-0"]
[WhiteElo "2273"]
[BlackElo "2314"]
[EventDate "2025.01.03"]
[EventType "swiss"]
[EventRounds "5"]
[EventCountry "DEN"]
[SourceTitle "Live v. Allerod Skakklub"]

1. d4 Nf6 2. Nc3 e6 3. e4 d5 4. exd5 exd5 5. Bg5 Be7 6. Qd2 O-O 7. O-O-O c6 8. Bd3 b5 9. Re1 Nbd7 10. Nf3 b4 11. Na4 Re8 12. Nc5 Qb6 13. Rxe7 Rxe7 14. Nxd7 Bxd7 15. Bxf6 gxf6 16. Qh6 f5 17. Qg5+ Kf8 18. Qf6 Ree8 19. Ng5 Be6 20. Nxh7+ Kg8 21. Qh6 1-0

[Event "Nordsjaellands Weekend EMT 2025"]
[Site "Allerod"]
[Date "2025.01.05"]
[Round "4"]
[White "Hector, Jonny"]
[Black "Kistrup, Nicolai"]
[Result "0-1"]
[WhiteElo "2434"]
[BlackElo "2400"]
[EventDate "2025.01.03"]
[EventType "swiss"]
[EventRounds "5"]
[EventCountry "DEN"]
[SourceTitle "Live v. Allerod Skakklub"]

1. e4 e5 2. Nf3 Nc6 3. d4 exd4 4. Nxd4 Nf6 5. Nxc6 bxc6 6. e5 Qe7 7. Qe2 Nd5 8. Nd2 g6 9. Ne4 Bg7 10. c4 Qb4+ 11. Kd1 Nb6 12. b3 O-O 13. Bb2 Re8 14. Qd2 Qxd2+ 15. Kxd2 Bxe5 16. Nf6+ Bxf6 17. Bxf6 d5 18. c5 Nd7 19. Bd4 a5 20. a4 Nf8 21. f3 Ne6 22. Bf2 Ba6 23. Bxa6 Rxa6 24. Rhe1 Rb8 25. Kc2 Ra7 26. Rad1 Rab7 27. Rd3 Nf4 28. Rd4 Rxb3 29. Rxf4 Rb2+ 30. Kc3 R8b3+ 31. Kd4 Rb4+ 32. Kc3 R4b3+ 33. Kd4 Rxf2 34. Re7 f6 0-1

[Event "Nordsjaellands Weekend EMT 2025"]
[Site "Allerod"]
[Date "2025.01.05"]
[Round "4"]
[White "Falkesgaard, Jeppe Hald"]
[Black "Skytte, Rasmus"]
[Result "1/2-1/2"]
[WhiteElo "2261"]
[BlackElo "2332"]
[EventDate "2025.01.03"]
[EventType "swiss"]
[EventRounds "5"]
[EventCountry "DEN"]
[SourceTitle "Live v. Allerod Skakklub"]

1. c4 e6 2. g3 d5 3. Bg2 Nf6 4. Nf3 Be7 5. O-O O-O 6. b3 c5 7. cxd5 Nxd5 8. Bb2 Nc6 9. d4 cxd4 10. Nxd4 Nxd4 11. Qxd4 Bf6 12. Qd2 Nf4 13. gxf4 Qxd2 14. Nxd2 Bxb2 15. Rab1 Ba3 16. b4 a5 17. b5 Rd8 18. Nc4 Bc5 19. Rfc1 Kf8 20. b6 a4 21. e3 Be7 22. Rb5 g6 23. Rcb1 a3 24. Na5 Rd2 25. Nxb7 Bxb7 26. Bxb7 Rb8 27. Be4 f5 28. Bf3 Rxa2 29. b7 Bd6 30. Rb6 Rd2 31. Rc1 Ke7 32. Kg2 a2 33. Ra6 e5 34. Bc6 exf4 35. exf4 Bxf4 36. Ra1 Rbd8 37. R1xa2 Rxa2 38. Rxa2 Bb8 39. Bf3 Rd7 40. Re2+ Kd8 41. h4 Re7 42. Rc2 Rc7 43. Ra2 Rc4 44. Ra6 Rxh4 45. Rf6 Ke7 46. Rc6 Rb4 47. Rc8 1/2-1/2

[Event "Nordsjaellands Weekend EMT 2025"]
[Site "Allerod"]
[Date "2025.01.05"]
[Round "4"]
[White "Ramsdal, Jens Albert"]
[Black "Schmidt, Kristen"]
[Result "1-0"]
[WhiteElo "2304"]
[BlackElo "2167"]
[EventDate "2025.01.03"]
[EventType "swiss"]
[EventRounds "5"]
[EventCountry "DEN"]
[SourceTitle "Live v. Allerod Skakklub"]

1. e4 d6 2. d4 Nf6 3. Nc3 g6 4. Nf3 Bg7 5. Be2 O-O 6. O-O c6 7. a4 Nbd7 8. h3 Qc7 9. Be3 b6 10. Re1 a6 11. Qd2 e5 12. dxe5 dxe5 13. Bc4 Bb7 14. Red1 Rad8 15. Qd6 Qxd6 16. Rxd6 b5 17. axb5 cxb5 18. Bd5 Ne8 19. Bc5 Nxd6 20. Bxd6 Nb6 21. Bxf8 Nxd5 22. Bxg7 Nxc3 23. Bf6 Rd1+ 24. Rxd1 Nxd1 25. Bxe5 Bxe4 26. Ne1 b4 27. Kf1 b3 28. cxb3 Bd5 29. Ke2 Bxb3 30. Bd4 Kf8 31. Kd2 1-0

[Event "Nordsjaellands Weekend EMT 2025"]
[Site "Allerod"]
[Date "2025.01.05"]
[Round "4"]
[White "Strange, Mikkel"]
[Black "Eriksson, Christian Altenburg"]
[Result "1-0"]
[WhiteElo "2323"]
[BlackElo "2152"]
[EventDate "2025.01.03"]
[EventType "swiss"]
[EventRounds "5"]
[EventCountry "DEN"]
[SourceTitle "Live v. Allerod Skakklub"]

1. Nc3 c5 2. e4 Nc6 3. Bb5 Nf6 4. Nf3 g6 5. e5 Ng4 6. Bxc6 dxc6 7. h3 Nh6 8. g4 Bg7 9. d3 O-O 10. Be3 f6 11. Qd2 Nf7 12. exf6 exf6 13. Bxc5 Re8+ 14. Be3 Qa5 15. O-O-O Be6 16. a3 Bd5 17. Nxd5 Qxd5 18. Nd4 Rad8 19. Kb1 Nd6 20. Ne2 Qf3 21. Nd4 Qd5 22. Nb3 Qf3 23. Qa5 Nb5 24. a4 b6 25. Qa6 Nd6 26. Nd4 Qd5 27. c4 Qf7 28. Nxc6 Rd7 29. Nb4 f5 30. Nd5 fxg4 31. hxg4 Qf3 32. g5 Re5 33. Rhe1 Kf7 34. a5 bxa5 35. Qc6 Qf5 36. Ka2 Re8 37. Bf4 Rc8 38. Qa6 Nb7 39. Re4 Rcd8 40. Rde1 Nc5 41. Re7+ Kf8 42. Rxd7 Nxd7 43. Qd6+ Kg8 44. Ne7+ 1-0

[Event "Nordsjaellands Weekend EMT 2025"]
[Site "Allerod"]
[Date "2025.01.05"]
[Round "4"]
[White "Thorsbro, Peter"]
[Black "Bank, Pelle Rodkjaer"]
[Result "1-0"]
[WhiteElo "2139"]
[BlackElo "2273"]
[EventDate "2025.01.03"]
[EventType "swiss"]
[EventRounds "5"]
[EventCountry "DEN"]
[SourceTitle "Live v. Allerod Skakklub"]

1. d4 Nc6 2. d5 Ne5 3. f4 Ng6 4. e4 e6 5. dxe6 fxe6 6. Nf3 d5 7. exd5 exd5 8. Bd3 Nf6 9. Qe2+ Qe7 10. Bxg6+ hxg6 11. Qxe7+ Bxe7 12. Nc3 Bf5 13. Bd2 O-O-O 14. O-O-O d4 15. Ne2 Ng4 16. Rde1 Bc5 17. Ng3 d3 18. Nxf5 gxf5 19. Ng5 Nf2 20. Nf7 dxc2 21. Nxh8 Nd3+ 22. Kxc2 Nxe1+ 23. Rxe1 Rxh8 24. h3 Bd6 25. Re6 Kd7 26. Rg6 Rh7 27. Bc3 Bf8 28. Be5 c6 29. Rg3 Ke6 30. Re3 Kf7 31. Rb3 b5 32. Rd3 Ke6 33. Rd8 Bc5 34. Rc8 g5 35. Rxc6+ Kd5 36. Rg6 gxf4 37. Bxf4 Rh4 38. Bd2 Bd4 39. Rg8 Rh7 40. Bc3 Bxc3 41. Kxc3 a5 42. Rd8+ Kc6 43. Rf8 Rg7 44. Rf6+ Kc7 45. Rxf5 Rg3+ 46. Kd4 Rxg2 47. Rxb5 a4 48. Ra5 Rxb2 49. Rxa4 Rh2 50. Ra3 Kc6 51. Rc3+ Kd6 52. a3 Ke6 53. Kc5 Ke5 54. a4 Ra2 55. Rc4 Ra1 56. h4 Ra2 57. Rb4 Ra1 58. Kb6 Kd6 59. h5 1-0

[Event "Nordsjaellands Weekend EMT 2025"]
[Site "Allerod"]
[Date "2025.01.05"]
[Round "4"]
[White "Hoi, Carsten"]
[Black "Kristensen, Kaare Hove"]
[Result "1/2-1/2"]
[WhiteElo "2302"]
[BlackElo "2266"]
[EventDate "2025.01.03"]
[EventType "swiss"]
[EventRounds "5"]
[EventCountry "DEN"]
[SourceTitle "Live v. Allerod Skakklub"]

1. c4 c5 2. e3 Nf6 3. Nc3 Nc6 4. Nf3 e5 5. d4 exd4 6. exd4 d5 7. cxd5 Nxd5 8. Bb5 Nxc3 9. bxc3 cxd4 10. Nxd4 Bd7 11. O-O Be7 12. Bxc6 bxc6 13. Qf3 O-O 14. Nxc6 Bxc6 15. Qxc6 Qa5 16. Be3 Bf6 17. Bd4 Rac8 18. Qb7 Bxd4 19. cxd4 h6 20. h3 Rc2 21. a4 Rd8 22. Qe4 Rc4 23. Rfd1 Qd5 24. Qe7 Rxd4 25. Rxd4 Qxd4 26. Re1 Rd7 27. Qe8+ Kh7 28. a5 Rc7 29. Qe2 Rd7 30. a6 Rd6 1/2-1/2

[Event "Nordsjaellands Weekend EMT 2025"]
[Site "Allerod"]
[Date "2025.01.05"]
[Round "4"]
[White "Fries Nielsen, Jens Ove"]
[Black "Meskenas, Paulius"]
[Result "0-1"]
[WhiteElo "2323"]
[BlackElo "2161"]
[EventDate "2025.01.03"]
[EventType "swiss"]
[EventRounds "5"]
[EventCountry "DEN"]
[SourceTitle "Live v. Allerod Skakklub"]

1. e4 e5 2. Nf3 Nc6 3. g3 Nf6 4. d3 d5 5. exd5 Nxd5 6. Bg2 f6 7. O-O Bg4 8. Nc3 Nxc3 9. bxc3 Be7 10. Rb1 e4 11. dxe4 Qxd1 12. Rxd1 Ne5 13. Rd3 Nxd3 14. cxd3 O-O-O 15. d4 Rd6 16. Ba3 Re6 17. Bxe7 Rxe7 18. Nd2 Rd8 19. f4 Re6 20. Nb3 Ra6 21. Rb2 Rdd6 22. e5 Rdb6 23. Rd2 Ra3 24. d5 a5 25. e6 Kd8 26. c4 a4 27. Nc5 Rb1+ 28. Kf2 Ke7 29. h3 Bh5 30. Nxb7 Rd1 31. Rb2 Ra1 32. c5 R1xa2 33. d6+ cxd6 34. cxd6+ Kxe6 35. Bd5+ Kxd5 36. d7 0-1

[Event "Nordsjaellands Weekend EMT 2025"]
[Site "Allerod"]
[Date "2025.01.05"]
[Round "4"]
[White "Vinther Schou, Uffe"]
[Black "Jakobsen, Peter"]
[Result "1-0"]
[WhiteElo "2314"]
[BlackElo "2205"]
[EventDate "2025.01.03"]
[EventType "swiss"]
[EventRounds "5"]
[EventCountry "DEN"]
[SourceTitle "Live v. Allerod Skakklub"]

1. e4 c5 2. Nf3 d6 3. d4 cxd4 4. Nxd4 Nf6 5. Nc3 e6 6. g4 h6 7. Rg1 Nc6 8. Be3 Be7 9. Nxc6 bxc6 10. Qf3 d5 11. O-O-O Qa5 12. exd5 exd5 13. g5 hxg5 14. Rxg5 Kf8 15. Bd4 Rb8 16. Qg3 Qb4 17. b3 Rg8 18. Be5 Rb7 19. Rd4 Qa5 20. Rf4 Ne8 21. Rg6 Ba3+ 22. Kb1 Re7 23. Rxc6 Bb7 24. Ra4 Qd8 25. Rxa3 Bxc6 26. Bd3 a5 27. Bd4 Re1+ 28. Kb2 Rh8 29. Ne2 a4 30. b4 Rh1 31. b5 Bb7 32. Rxa4 R1xh2 33. Ra7 Bc8 34. b6 R2h3 35. Qf4 Bd7 36. b7 R3h4 37. b8=Q Rxf4 38. Qxd8 1-0

[Event "Nordsjaellands Weekend EMT 2025"]
[Site "Allerod"]
[Date "2025.01.05"]
[Round "5"]
[White "Ramsdal, Jens Albert"]
[Black "Hector, Jonny"]
[Result "1-0"]
[WhiteElo "2304"]
[BlackElo "2434"]
[EventDate "2025.01.03"]
[EventType "swiss"]
[EventRounds "5"]
[EventCountry "DEN"]
[SourceTitle "Live v. Allerod Skakklub"]

1. e4 e5 2. Nf3 Nc6 3. Nc3 Nf6 4. d4 exd4 5. Nxd4 Bb4 6. Nxc6 bxc6 7. Bd3 d5 8. exd5 O-O 9. O-O cxd5 10. h3 Re8 11. Qf3 Rb8 12. Bg5 Be6 13. Ne2 Be7 14. Nd4 Rxb2 15. Nb3 Ne4 16. Bc1 Bf6 17. Bxb2 Bxb2 18. Rad1 Qa8 19. Qf4 Qc6 20. Bxe4 dxe4 21. Nd4 Bxd4 22. Rxd4 Qxc2 23. Rxe4 Qxa2 24. Rc1 Rc8 25. Ra4 Qe2 26. Rxc7 Rxc7 27. Qxc7 h6 28. Qb8+ Kh7 29. Qb1+ g6 30. Rxa7 Qe5 31. Qa1 Qxa1+ 32. Rxa1 h5 33. f3 Kg7 34. Kf2 Bc4 35. Ke3 Be6 36. Kd4 Bb3 37. Ke5 Be6 38. Rc1 Bd7 39. Kd6 Be6 40. Ke7 Bd5 41. Rc5 Be6 42. Rc6 Bd5 43. Rf6 Bb3 44. f4 h4 45. f5 Bd5 46. Rd6 Bb3 47. f6 Kh6 48. Rd8 g5 49. Rh8+ Kg6 50. Rg8+ Kf5 51. Rg7 Kf4 52. Rxf7 Kg3 53. Rg7 Kxg2 54. Rxg5+ Kxh3 55. f7 Bxf7 56. Kxf7 Kh2 57. Kf6 h3 58. Kf5 Kh1 59. Kf4 h2 60. Kg3 1-0

[Event "Nordsjaellands Weekend EMT 2025"]
[Site "Allerod"]
[Date "2025.01.05"]
[Round "5"]
[White "Kistrup, Nicolai"]
[Black "Strange, Mikkel"]
[Result "1-0"]
[WhiteElo "2400"]
[BlackElo "2323"]
[EventDate "2025.01.03"]
[EventType "swiss"]
[EventRounds "5"]
[EventCountry "DEN"]
[SourceTitle "Live v. Allerod Skakklub"]

1. d4 f5 2. Bg5 h6 3. Bh4 g5 4. Bg3 Bg7 5. e3 c5 6. c3 Qb6 7. Na3 cxd4 8. Nc4 Qd8 9. Qh5+ Kf8 10. Ne5 Bxe5 11. Bxe5 Nf6 12. Bxf6 exf6 13. exd4 Kg7 14. O-O-O d6 15. Re1 Nc6 16. h4 Bd7 17. Bd3 Qa5 18. Kb1 Rae8 19. Ne2 Be6 20. a3 Ne7 21. Nf4 Bf7 22. Ne6+ Kg8 23. Qf3 Ng6 24. Bc4 Re7 25. hxg5 fxg5 26. Ba2 Rh7 27. g3 f4 28. Qg4 Nf8 29. gxf4 Nxe6 30. Bxe6 Rxe6 31. Rxe6 h5 32. Qh3 g4 33. Qd3 Qd5 34. Ree1 Rh6 35. Kc1 Rf6 36. Qe4 Qb3 37. f5 Kg7 38. Qf4 Kf8 39. Qg5 Qd5 40. Qxf6 1-0

[Event "Nordsjaellands Weekend EMT 2025"]
[Site "Allerod"]
[Date "2025.01.05"]
[Round "5"]
[White "Skytte, Rasmus"]
[Black "Thorsbro, Peter"]
[Result "1-0"]
[WhiteElo "2332"]
[BlackElo "2139"]
[EventDate "2025.01.03"]
[EventType "swiss"]
[EventRounds "5"]
[EventCountry "DEN"]
[SourceTitle "Live v. Allerod Skakklub"]

1. d4 d5 2. c4 e6 3. Nc3 a6 4. cxd5 exd5 5. Qb3 c6 6. e4 dxe4 7. Bc4 Qe7 8. a4 Nf6 9. a5 Nbd7 10. Nh3 g6 11. Ng5 Bg7 12. Bxf7+ Kf8 13. Bc4 Nb8 14. Nf7 Rg8 15. Bf4 Ne8 16. Ne5 Rh8 17. Nxe4 Nd7 18. Bg5 Ndf6 19. O-O Bf5 20. Nc5 Nd6 21. Rfe1 Qc7 22. Be6 Nfe4 23. Ned7+ Ke8 24. Nxe4 1-0

[Event "Nordsjaellands Weekend EMT 2025"]
[Site "Allerod"]
[Date "2025.01.05"]
[Round "5"]
[White "Meskenas, Paulius"]
[Black "Falkesgaard, Jeppe Hald"]
[Result "0-1"]
[WhiteElo "2161"]
[BlackElo "2261"]
[EventDate "2025.01.03"]
[EventType "swiss"]
[EventRounds "5"]
[EventCountry "DEN"]
[SourceTitle "Live v. Allerod Skakklub"]

1. c4 c5 2. Nc3 g6 3. g3 Bg7 4. Bg2 Nc6 5. e3 d6 6. a3 Nf6 7. Nge2 Bd7 8. O-O h5 9. h4 Qc8 10. Rb1 Ne5 11. d3 Bh3 12. Bxh3 Qxh3 13. Nf4 Qg4 14. Kg2 Qxd1 15. Rxd1 O-O-O 16. b4 e6 17. Na4 b6 18. Bb2 Nc6 19. Ba1 Rhe8 20. Nc3 Ng4 21. Kf3 Bh6 22. Ne4 f5 23. Nc3 e5 24. Nfd5 f4 25. Ne4 fxe3 26. fxe3 Ne7 27. bxc5 Nxd5 28. Nxd6+ Rxd6 29. cxd6 Rf8+ 30. Ke4 Ndxe3 31. c5 Rf5 32. Bxe5 Rxe5+ 0-1

[Event "Nordsjaellands Weekend EMT 2025"]
[Site "Allerod"]
[Date "2025.01.05"]
[Round "5"]
[White "Schmidt, Kristen"]
[Black "Hoi, Carsten"]
[Result "1/2-1/2"]
[WhiteElo "2167"]
[BlackElo "2302"]
[EventDate "2025.01.03"]
[EventType "swiss"]
[EventRounds "5"]
[EventCountry "DEN"]
[SourceTitle "Live v. Allerod Skakklub"]

1. e4 e5 2. Nf3 Nc6 3. Bc4 d6 4. d4 exd4 5. Nxd4 g6 6. Nc3 Bg7 7. Be3 Nf6 8. f3 O-O 9. O-O Ne5 10. Be2 d5 11. Bg5 h6 12. Bxf6 Bxf6 13. Nxd5 Bg7 14. c3 c6 15. Ne3 h5 16. Kh1 Qe7 17. Qc2 Bh6 18. f4 Ng4 19. Nxg4 hxg4 20. e5 a6 21. Bc4 Kh8 22. b4 a5 23. f5 b5 24. Bd3 axb4 25. Nxc6 Qh4 26. g3 Qh5 27. Nxb4 Rd8 28. Rad1 gxf5 29. Bxb5 Be6 30. Rxd8+ Rxd8 31. Rd1 Rg8 32. Qe2 f4 33. gxf4 Bxf4 34. Bc6 Bxe5 35. Bd5 Bxc3 36. Bxe6 fxe6 37. Nd3 Qf5 38. Nf2 g3 39. Ne4 g2+ 40. Kg1 Be5 41. Ng3 Bxg3 42. hxg3 Rxg3 43. Qc4 Qf6 44. Re1 Rg6 45. Qc5 Kg7 46. Qe5 Qxe5 1/2-1/2

[Event "Nordsjaellands Weekend EMT 2025"]
[Site "Allerod"]
[Date "2025.01.05"]
[Round "5"]
[White "Bank, Pelle Rodkjaer"]
[Black "Eriksson, Christian Altenburg"]
[Result "1/2-1/2"]
[WhiteElo "2273"]
[BlackElo "2152"]
[EventDate "2025.01.03"]
[EventType "swiss"]
[EventRounds "5"]
[EventCountry "DEN"]
[SourceTitle "Live v. Allerod Skakklub"]

1. d4 Nf6 2. Nc3 d5 3. Bf4 c5 4. e4 Nxe4 5. Nxe4 dxe4 6. dxc5 Qxd1+ 7. Rxd1 Nc6 8. Bb5 f6 9. Ne2 e5 10. Be3 Be6 11. Nc3 f5 12. g3 Kf7 13. O-O Nd4 14. Bxd4 exd4 15. Ne2 Bxc5 16. Nxd4 Rhd8 17. Nxe6 Kxe6 18. Bc4+ Ke5 19. Kg2 Bb6 20. Rfe1 Rxd1 21. Rxd1 Rd8 22. Rxd8 Bxd8 23. Kf1 g5 24. Ke2 h5 25. h3 h4 26. gxh4 gxh4 27. Bb5 Bg5 28. Bd7 Bc1 29. b3 Ba3 30. Bc8 b5 31. c3 a5 32. b4 axb4 33. cxb4 f4 34. f3 e3 35. Bd7 1/2-1/2

[Event "Nordsjaellands Weekend EMT 2025"]
[Site "Allerod"]
[Date "2025.01.05"]
[Round "5"]
[White "Kristensen, Kaare Hove"]
[Black "Vinther Schou, Uffe"]
[Result "1/2-1/2"]
[WhiteElo "2266"]
[BlackElo "2314"]
[EventDate "2025.01.03"]
[EventType "swiss"]
[EventRounds "5"]
[EventCountry "DEN"]
[SourceTitle "Live v. Allerod Skakklub"]

1. d4 Nf6 2. c4 c5 3. e3 g6 4. Nc3 Bg7 5. Nf3 O-O 6. Be2 cxd4 7. exd4 d5 8. O-O Nc6 9. Be3 dxc4 10. d5 Na5 11. b4 cxb3 12. axb3 Ne8 13. Bd4 Bxd4 14. Nxd4 Nd6 15. Qd2 Bd7 16. Qa2 Qb6 17. Rfd1 Rfc8 18. Rd3 Rxc3 19. Rxc3 Qxd4 20. Rd3 Qe5 21. Re3 Qxd5 22. Bf3 Qb5 23. Qxa5 Qxa5 24. Rxa5 Kf8 25. g4 a6 26. Rc5 Ke8 27. b4 h6 28. Be2 Kf8 29. Rh3 Kg7 30. Re3 Kf8 31. Rh3 Kg7 32. Rc7 Rd8 33. Re3 Kf8 34. h3 Ke8 35. f4 Rb8 36. Kf2 Kd8 37. Rc5 Bc6 38. Bf3 Bb5 39. Be2 Bc6 40. Bf3 Bb5 41. Be2 Bc6 42. Rce5 e6 43. Bd3 Kd7 44. f5 gxf5 45. gxf5 Bd5 46. fxe6+ fxe6 47. Rh5 Rh8 1/2-1/2

[Event "Nordsjaellands Weekend EMT 2025"]
[Site "Allerod"]
[Date "2025.01.05"]
[Round "5"]
[White "Jakobsen, Peter"]
[Black "Fries Nielsen, Jens Ove"]
[Result "1/2-1/2"]
[WhiteElo "2205"]
[BlackElo "2323"]
[EventDate "2025.01.03"]
[EventType "swiss"]
[EventRounds "5"]
[EventCountry "DEN"]
[SourceTitle "Live v. Allerod Skakklub"]

1. d4 Nf6 2. c4 e6 3. Nf3 c5 4. d5 exd5 5. cxd5 d6 6. Nc3 Na6 7. e4 Nc7 8. Be2 Be7 9. O-O O-O 10. a4 Nd7 11. Bf4 Ne8 12. Re1 Bf6 13. h3 Qe7 14. Nd2 Bd4 15. Bg3 Bf6 16. Qc2 g6 17. Nc4 Ne5 18. Ne3 Bh4 19. Bh2 Ng7 20. Rf1 f5 21. exf5 Nxf5 22. Nxf5 Bxf5 23. Qd2 a6 24. Rae1 Rae8 25. Nd1 Qd7 26. a5 Qa4 27. Ne3 Bd7 28. Bxe5 Rxe5 29. Nc4 Re7 30. Nxd6 Qd4 31. Qxd4 cxd4 32. g3 Bg5 33. Bg4 Bxg4 34. hxg4 Rd7 1/2-1/2